Bands Ending in S, Starting with A-Z - Statistics

General Stats
  • This quiz has been taken 219 times
  • The average score is 15 of 25
Answer Stats
Letter Songs Answer % Correct
B Here Comes The Sun, Hey Jude The Beatles
97%
E Hotel California, Take It Easy Eagles
96%
O Wonderwall, Champagne Supernova Oasis
94%
C Zombie, Linger The Cranberries
93%
G Sweet Child O' Mine, Welcome To The Jungle Guns N' Roses
91%
R Can't Stop, Californication Red Hot Chili Peppers
84%
K I Was Made for Lovin’ You, Rock and Roll All Nite Kiss
79%
W Seven Nation Army, Fell In Love With a Girl The White Stripes
78%
S God Save The Queen, Anarchy In The UK Sex Pistols
72%
D People Are Strange, Light My Fire The Doors
71%
F Everlong, My Hero Foo Fighters
68%
T Psycho Killer, Once in a Lifetime Talking Heads
59%
P I'm Gonna Be (500 Miles), Sunshine On Leith The Proclaimers
56%
H The Power Of Love, Hip To Be Square Huey Lewis and the News
52%
Y Owner of a Lonely Heart, Roundabout Yes
51%
L Ho Hey, Ophelia The Lumineers
50%
Z Time of the Season, She's Not There The Zombies
41%
A Man in the Box, Would? Alice in Chains
38%
M I Will Wait, Little Lion Man Mumford & Sons
38%
N Closer, The Hand That Feeds Nine Inch Nails
33%
V Boom, Boom, Boom, Boom!!, We Like to Party Vengaboys
30%
J Laid, Sit Down James
25%
U Teenage Kicks, My Perfect Cousin The Undertones
24%
I Drive, Pardon Me Incubus
23%
X Renegades, Unsteady X Ambassadors
14%
No matching quizzes found
Score Distribution
Percent of People with Each Score
Percentile by Number Answered
Your Score History
You have not taken this quiz